Logo BPK

Biblioteka

Politechniki Koszalińskiej

The English : (Rekord nr 37619)

Szczegóły MARC
000 -ETYKIETA REKORDU
podpole kontrolne o stałej długości 00573nam a2200205 i 4500
001 - NUMER KONTROLNY REKORDU
pole kontrolne bg
020 ## - MIĘDZYNARODOWY ZNORMALIZOWANY NUMER KSIĄŻKI - ISBN
ISBN 0140290400
040 ## - ŹRÓDŁO KATALOGOWANIA
Instytucja, która utworzyła rekord BPK
041 0# - KOD JĘZYKA
Kod języka tekstu en
080 ## - UNIWERSALNA KLASYFIKACJA DZIESIĘTNA - UKD
UKD 008(410)"1945/..."
920 ## - Międzynarodowy znormalizowany numer książki – ISBN
ISBN 0-14-029040-0
008 - POLE O STAŁEJ DŁUGOŚCI - DANE KONTROLNE
podpole kontrolne o stałej długości s pl f |000 0 pol
100 1# - NAZWA OSOBOWA
Nazwa osobowa PAXMAN, Jeremy
245 10 - TYTUŁ/ODPOWIEDZIALNOŚĆ
Tytuł The English :
Ciąg dalszy tytułu a portrait of a people /
Pozostałe elementy strefy tytułu i oznaczenia odpowiedzialności Jeremy Paxman.
260 ## - STREFA ADRESU WYDAWNICZEGO
Miejsce wydania London :
Nazwa wydawcy/dystrybutora Penguin Books,
Data publikacji, dystrybucji/powstania dokumentu cop.1999.
300 ## - STREFA OPISU FIZYCZNEGO
Objętość IX, 308, [1] s. ;
Rozmiary 18,00.
504 ## - UWAGA DOTYCZĄCA BIBLIOGRAFII
Informacje o bibliografii Bibliogr. s.283-296.
651 #9 - HASŁO PRZEDMIOTOWE W FORMIE NAZWY GEOGRAFICZNEJ
Nazwa geograficzna Wielka Brytania
Określnik ogólny kultura
-- zagadnienia
Określnik chronologiczny od 1945 r.
856 ## - LOKALIZACJA I DOSTĘP DO ELEKTRONICZNYCH DOKUMENTÓW ZDALNYCH
Link (URL) http://koha.tu.koszalin.pl/cgi-bin/koha/opac-detail.pl?biblionumber=37619
Tekst linku Katalog online BPK
942 ## - DODATKOWE ELEMENTY (KOHA)
Typ dokumentu Książka
Egzemplarze
Wycofany Status egzemplarza Uszkodzony Dostępność Lokalizacja stała Lokalizacja bieżąca Miejsce przechowywania Sygnatura Kod kreskowy Dział Typ dokumentu
      Tylko na miejscu Biblioteka Politechniki Koszalińskiej Biblioteka Politechniki Koszalińskiej Czytelnia Wydziałowa ul. Kwiatkowskiego 6e 54002 01491463 94(410) Historia Wielkiej Brytanii Książka
© 2023 Biblioteka Politechniki Koszalińskiej :: KOHA